Türk romanında destan etkisi / (Record no. 12994)

MARC details
000 -BAŞLIK
Sabit Uzunlukta Kontrol Alanı 00738nam a22002177a 4500
999 ## - SİSTEM KONTROL NUMARALARI (KOHA)
Koha Biblionumber 12994
Koha Biblioitemnumber 12994
003 - KONTROL NUMARASI IDENTIFIER
Denetim Alanı MIRAKIL
005 - SON İŞLEM TARİHİ VE ZAMANI
Denetim Alanı 20190320155843.0
008 - SABİT-BOY VERİ ELEMANLARI - GENEL BİLGİLER
Sabit Uzunlukta Kontrol Alanı 190320b tu ||||| |||| 00| 0 tur d
020 ## - ULUSLARARASI STANDART KİTAP NUMARASI
Uluslararası Standart Kitap Numarası 9751733127
040 ## - KATALOGLAMA KAYNAK
Orijinal Kataloglama Ajansı TR-AnCHP
Metne Dönüştürmek Ajansı TR-AnCHP
041 ## - DİL KODU
Metin / Ses Parça Veya Ayrı Başlığın Dil Kodu tur
082 ## - DEWEY ONLU SINIFLANDIRMA NUMARASI
Sınıflandırma Numarası 813.00937
Ürün Numarası K29t 2004
100 ## - ANA GİRİŞ - KİŞİSEL İSİM
Kişisel Ad Kaya, Muharrem
245 10 - BAŞLIK TABLOSU
Başlık Türk romanında destan etkisi /
Sorumluluk Tablosu, Vb Muharrem Kaya.
260 ## - YAYIN, DAĞITIM, VB
Yayın, Dağıtım, Vb Yeri Ankara :
Yayıncı, Dağıtıcı, Vs Adı Kültür ve Turizm Bakanlığı Kütüphaneler ve Yayımlar Genel Müdürlüğü,
Yayın, Dağıtım, Vb Tarihi 2004
300 ## - FİZİKSEL TANIM
Kapsam 384 s.:
Boyutlar 20 sm.
490 0# - SERİSİ TABLOSU
Seri Beyanı Kültür ve Turizm Bakanlığı yayınları;
-- Kültür eserleri dizisi;
Hacim / Ardışık Tanımı 3011.
-- 392.
504 ## - KAYNAKÇA VB NOT
Kaynakça Vb Notu Kaynakça vardır.
650 #0 - KONU KATMA GİRİŞ - TOPİKAL DÖNEM
9 (RLIN) 19
Topikal Süreli Veya Coğrafi Ad Giriş Elemanı Türk edebiyatı
Genel Alt Bölümü Roman
-- İnceleme
942 ## - EKLENDİ GİRİŞ ELEMANLARI (KOHA)
Sınıflandırma Veya Raf Düzeni Kaynak Dewey Decimal Classification
Koha Öğesi Türü Books
Holdings
Kalıcı Konum Mevcut Konum Edinme Tarihi Toplam Check-Out'Lar Tam Çağrı Numarası Barkod Tarih Son Görülme İtibaren Geçerli Fiyatlar Koha Öğesi Türü
CHP Kütüphanesi CHP Kütüphanesi 03/20/2019   813.00937 K29t 2004 019054 03/20/2019 03/20/2019 Books